Fr. Conceicao Rodrigues College of Engineering

The 8085 microprocessor:fundamentals (Record no. 35010)

MARC details
000 -LEADER
fixed length control field 00322nam a2200145Ia 4500
082 ## - DEWEY DECIMAL CLASSIFICATION NUMBER
Classification number 621.381952
Item number BOY
100 ## - MAIN ENTRY--PERSONAL NAME
Personal name Boyet/Howard
245 ## - TITLE STATEMENT
Title The 8085 microprocessor:fundamentals
260 ## - PUBLICATION, DISTRIBUTION, ETC.
Name of publisher, distributor, etc. MIT Publications
Place of publication, distribution, etc. U.S.A
Date of publication, distribution, etc. 1982
300 ## - PHYSICAL DESCRIPTION
Extent 420
490 ## - SERIES STATEMENT
Volume/sequential designation 1
546 ## - LANGUAGE NOTE
Language note ENGLISH
654 ## - SUBJECT ADDED ENTRY--FACETED TOPICAL TERMS
Focus term computer
942 ## - ADDED ENTRY ELEMENTS (KOHA)
Koha item type BOOK
Holdings
Withdrawn status Lost status Damaged status Not for loan Collection Home library Current library Shelving location Date acquired Cost, normal purchase price Total Checkouts Full call number Barcode Date last seen Cost, replacement price Price effective from Koha item type
        CRC Fr. Agnel's C.Rodrigues College of Engineering Fr. Agnel's C.Rodrigues College of Engineering   17/03/2023 425.00   621.381952 BOY 2202 17/03/2023 425.00 17/03/2023 BOOK